000
00272 a2200121 4500
001
12582
082
_a
621.36722GON
090
_c
9595
_d
9595
100
_a
Gonzalez,R.C
245
_a
Digital Image Processing Using MATLAB
260
_b
Pearson
300
_a
xiii,609p
942
_a
NUST-CAE
_k
621.36722GON
999
_c
247655
_d
247655